|
|
|
|
| LEADER |
00000nam0a2200000 4500 |
| 001 |
345689 |
| 005 |
20231102005813.0 |
| 035 |
|
|
|a (RuTPU)RU\TPU\book\377542
|
| 090 |
|
|
|a 345689
|
| 100 |
|
|
|a 20210210d2020 k y0rusy50 ca
|
| 101 |
0 |
|
|a rus
|
| 102 |
|
|
|a RU
|
| 105 |
|
|
|a a dm 001zy
|
| 200 |
1 |
|
|a Разработка электрохимического иммуносенсора на основе наночастиц серебра для определения антител к вирусу клещевого энцефалита
|e автореферат диссертации на соискание ученой степени кандидата химических наук
|e спец. 02.00.02
|f Е. П. Христунова
|g Национальный исследовательский Томский политехнический университет ; науч. рук. Е. И. Короткова
|
| 210 |
|
|
|a Томск
|c [Б. и.]
|d 2020
|
| 215 |
|
|
|a 21 с.
|c ил.
|
| 300 |
|
|
|a Защита сост. 11.02.2021 г.
|
| 320 |
|
|
|a Библиогр.: с. 20-21 (16 назв.)
|
| 606 |
1 |
|
|a Сенсоры электрохимические
|2 stltpush
|3 (RuTPU)RU\TPU\subj\72916
|9 86266
|
| 610 |
1 |
|
|a труды учёных ТПУ
|
| 610 |
1 |
|
|a авторефераты диссертаций
|
| 610 |
1 |
|
|a электрохимические иммуносенсоры
|
| 610 |
1 |
|
|a наночастицы
|
| 610 |
1 |
|
|a серебро
|
| 610 |
1 |
|
|a антитела
|
| 610 |
1 |
|
|a вирусы
|
| 610 |
1 |
|
|a клещевой энцефалит
|
| 610 |
1 |
|
|a диагностика
|
| 610 |
1 |
|
|a количественное определение
|
| 610 |
1 |
|
|a биологические объекты
|
| 610 |
1 |
|
|a биоконъюгаты
|
| 610 |
1 |
|
|a алгоритмы
|
| 675 |
|
|
|a 543.55(04)
|v 4
|
| 686 |
|
|
|a 02.00.02
|2 oksvnk
|
| 700 |
|
1 |
|a Христунова
|b Е. П.
|c химик
|c инженер Томского политехнического университета
|f 1992-
|g Екатерина Петровна
|2 stltpush
|3 (RuTPU)RU\TPU\pers\39740
|
| 702 |
|
1 |
|a Короткова
|b Е. И.
|c химик
|c профессор Томского политехнического университета, доктор химических наук
|f 1965-
|g Елена Ивановна
|2 stltpush
|3 (RuTPU)RU\TPU\pers\27109
|4 727
|
| 712 |
0 |
2 |
|a Национальный исследовательский Томский политехнический университет
|c (2009- )
|2 stltpush
|3 (RuTPU)RU\TPU\col\15902
|9 26305
|
| 801 |
|
1 |
|a RU
|b 63413507
|c 20210210
|
| 801 |
|
2 |
|a RU
|b 63413507
|c 20210310
|g RCR
|
| 942 |
|
|
|c BK
|